| 000 | 01261nam0a2200325 4500 | ||
|---|---|---|---|
| 001 | RU\NLR\bibl\1755705 | ||
| 005 | 20260406100846.0 | ||
| 010 |
_a978-5-699-47688-6 _97000 |
||
| 021 |
_aRU _b2011-14236 _9137д/11 |
||
| 035 | _a(NLR Aleph) 001746544 | ||
| 090 |
_a1492304 _c1492304 |
||
| 100 | _a20110406d2011 |||y0rusy50 ca | ||
| 101 | 1 |
_arus _ceng |
|
| 102 | _aRU | ||
| 105 | _ay ||||||||| | ||
| 200 | 1 |
_aГора Дракона _fДуглас Престон, Линкольн Чайлд _g[пер. с англ. В. Гольдича, И. Оганесовой] |
|
| 210 |
_aМосква _cЭксмо _aСанкт-Петербург _cДомино _d2011 |
||
| 215 |
_a525, [2] c. _d22 |
||
| 225 | 1 | _aГрандмастер приключений | |
| 225 | 1 | _aВпервые на русском языке! | |
| 686 | _aШ6(7США)67-446(П){Лх1979-60(П)} | ||
| 686 | _aШ6(7США)67-446(Ч){Лх1979-60(Ч)} | ||
| 700 | 1 |
_4070 _7ca _8rus _aПрестон _bД. _f1956- _gДуглас _9204720 _3RU\NLR\AUTH\770204772 |
|
| 701 | 1 |
_4070 _7ca _8rus _aЧайлд _bЛ. _f1957- _gЛинкольн _960879 _3RU\NLR\auth\7777951 |
|
| 801 | 0 |
_aRU _bNLR _c20110406 _gRCR |
|
| 801 | 1 |
_aRU _bNLR _c20110406 |
|
| 942 | _cBOOK | ||
| 980 | _aNB | ||
| 980 | _aNBR | ||